KOHA-Header-6

HandBook Of Basic Training for New Managers (Record no. 9295)

000 -LEADER
fixed length control field 00284nam a2200109Ia 4500
100 ## - MAIN ENTRY--AUTHOR NAME
Personal name Lloyd Merritt Smigel
245 #0 - TITLE STATEMENT
Title HandBook Of Basic Training for New Managers
260 ## - PUBLICATION, DISTRIBUTION, ETC. (IMPRINT)
Place of publication New Delhi
Name of publisher Addison
Year of publication 1959
300 ## - PHYSICAL DESCRIPTION
Number of Pages 458
942 ## - ADDED ENTRY ELEMENTS (KOHA)
Koha item type Books
Holdings
Withdrawn status Lost status Collection code Permanent Location Current Location Shelving location Date acquired Full call number Accession Number Koha item type
    Management MAJU MAJU   2019-09-14 519.5 4866 Management

Powered by Koha